Top 10 World Tourism Rankings - Statistics

General Stats
  • This quiz has been taken 197 times
  • The average score is 9 of 10
Answer Stats
Rank Country % Correct
2 United States
99%
1 France
97%
4 China
93%
5 Italy
93%
3 Spain
93%
8 United Kingdom
91%
7 Germany
90%
9 Mexico
76%
10 Russia
71%
6 Turkey
67%
No matching quizzes found
Score Distribution
Percent of People with Each Score
Percentile by Number Answered
Your Score History
You have not taken this quiz